[Event "Chessable Masters - Torneo preliminare"]
[White "Durarbayli, Vasif"]
[Black "Svidler, Peter"]
[WhiteFideId "13402935"]
[BlackFideId "4102142"]
[WhiteElo "2531"]
[BlackElo "2752"]
[Result "0-1"]
[Round "3"]
[TimeControl "600+2"]
[Date "2023.03.13"]
[WhiteClock "0:00:02"]
[BlackClock "0:03:09"]

1. e4 {[%clk 0:10:01]}  c5 {[%clk 0:09:59]} 2. Nf3 {[%clk 0:10:02]}  e6 {[%clk 0:09:59]} 3. d4 {[%clk 0:10:01]}  cxd4 {[%clk 0:10:00]} 4. Nxd4 {[%clk 0:10:03]}  a6 {[%clk 0:10:00]} 5. c4 {[%clk 0:09:59]}  Nf6 {[%clk 0:10:00]} 6. Nc3 {[%clk 0:09:59]}  Qc7 {[%clk 0:09:58]} 7. Be3 {[%clk 0:09:54]}  Bb4 {[%clk 0:09:48]} 8. Qb3 {[%clk 0:09:51]}  Bc5 {[%clk 0:09:38]} 9. Be2 {[%clk 0:09:33]}  d6 {[%clk 0:09:34]} 10. O-O {[%clk 0:08:55]}  Nc6 {[%clk 0:08:50]} 11. Rad1 {[%clk 0:08:02]}  O-O {[%clk 0:08:50]} 12. a3 {[%clk 0:07:24]}  e5 {[%clk 0:08:22]} 13. Nxc6 {[%clk 0:05:23]}  Bxe3 {[%clk 0:08:19]} 14. Nxe5 {[%clk 0:05:22]}  Bxf2+ {[%clk 0:08:05]} 15. Rxf2 {[%clk 0:05:24]}  dxe5 {[%clk 0:08:07]} 16. Rxf6 {[%clk 0:04:52]}  gxf6 {[%clk 0:08:06]} 17. Nd5 {[%clk 0:04:53]}  Qc5+ {[%clk 0:07:40]} 18. Kh1 {[%clk 0:04:53]}  Qf2 {[%clk 0:07:19]} 19. Qd3 {[%clk 0:04:28]}  Be6 {[%clk 0:06:33]} 20. Rf1 {[%clk 0:04:26]}  Qh4 {[%clk 0:06:33]} 21. Nxf6+ {[%clk 0:04:18]}  Kh8 {[%clk 0:06:32]} 22. Qe3 {[%clk 0:03:31]}  h6 {[%clk 0:05:52]} 23. g3 {[%clk 0:02:58]}  Qg5 {[%clk 0:05:52]} 24. Qc3 {[%clk 0:02:55]}  Rad8 {[%clk 0:05:47]} 25. h4 {[%clk 0:02:50]}  Qd2 {[%clk 0:05:39]} 26. Qxe5 {[%clk 0:02:14]}  Qd4 {[%clk 0:04:17]} 27. Qf4 {[%clk 0:02:09]}  Qd2 {[%clk 0:04:15]} 28. Qe5 {[%clk 0:01:38]}  Qd4 {[%clk 0:04:15]} 29. Qf4 {[%clk 0:00:32]}  Qd2 {[%clk 0:04:15]} 30. b3 {[%clk 0:00:18]}  Qxf4 {[%clk 0:04:04]} 31. gxf4 {[%clk 0:00:20]}  Rd2 {[%clk 0:04:04]} 32. Re1 {[%clk 0:00:17]}  Rfd8 {[%clk 0:03:46]} 33. f5 {[%clk 0:00:14]}  Bd7 {[%clk 0:03:46]} 34. Kg1 {[%clk 0:00:06]}  Kg7 {[%clk 0:03:25]} 35. Nh5+ {[%clk 0:00:07]}  Kf8 {[%clk 0:03:26]} 36. Kf2 {[%clk 0:00:08]}  Bc6 {[%clk 0:03:25]} 37. e5 {[%clk 0:00:05]}  R8d3 {[%clk 0:03:20]} 38. b4 {[%clk 0:00:03]}  Rf3+ {[%clk 0:03:17]} 39. Kg1 {[%clk 0:00:03]}  Re3 {[%clk 0:03:17]} 40. Kf2 {[%clk 0:00:03]}  Rxe5 {[%clk 0:03:17]} 41. Ng3 {[%clk 0:00:05]}  Ra2 {[%clk 0:03:14]} 42. Rd1 {[%clk 0:00:04]}  Ke7 {[%clk 0:03:11]} 43. Rd4 {[%clk 0:00:02]}  Rxa3 {[%clk 0:03:09]} 44. Nh5 {[%clk 0:00:03]}  Rxf5+ {[%clk 0:03:10]} 45. Ke1 {[%clk 0:00:02]}  Ra1+ {[%clk 0:03:09]} 0-1


[Site "Internet"]

[Event "Chessable Masters - Torneo preliminare"]
[White "Mitrabha, Guha"]
[Black "Frolyanov, Dmitry"]
[WhiteFideId "5057000"]
[BlackFideId "4151976"]
[WhiteElo "2401"]
[BlackElo "2451"]
[Result "1-0"]
[Round "3"]
[TimeControl "600+2"]
[Date "2023.03.13"]
[WhiteClock "0:01:01"]
[BlackClock "0:01:48"]

1. d4 {[%clk 0:09:52]}  d5 {[%clk 0:09:41]} 2. c4 {[%clk 0:09:40]}  e6 {[%clk 0:09:39]} 3. Nf3 {[%clk 0:09:40]}  Nf6 {[%clk 0:09:39]} 4. g3 {[%clk 0:09:41]}  dxc4 {[%clk 0:09:39]} 5. Bg2 {[%clk 0:09:42]}  Nc6 {[%clk 0:09:40]} 6. O-O {[%clk 0:09:43]}  Rb8 {[%clk 0:09:40]} 7. a4 {[%clk 0:09:31]}  a6 {[%clk 0:09:39]} 8. a5 {[%clk 0:08:33]}  Bb4 {[%clk 0:09:39]} 9. Qa4 {[%clk 0:07:00]}  Bd7 {[%clk 0:09:03]} 10. Ne5 {[%clk 0:06:30]}  O-O {[%clk 0:08:24]} 11. Nxd7 {[%clk 0:06:13]}  Qxd7 {[%clk 0:08:19]} 12. Rd1 {[%clk 0:06:14]}  h6 {[%clk 0:08:04]} 13. Na3 {[%clk 0:05:54]}  c3 {[%clk 0:07:56]} 14. Nc4 {[%clk 0:05:41]}  Rfd8 {[%clk 0:07:36]} 15. e3 {[%clk 0:04:46]}  cxb2 {[%clk 0:07:28]} 16. Bxb2 {[%clk 0:04:45]}  Bf8 {[%clk 0:07:29]} 17. d5 {[%clk 0:04:21]}  Nb4 {[%clk 0:06:51]} 18. Qxd7 {[%clk 0:03:58]}  Nxd7 {[%clk 0:06:38]} 19. dxe6 {[%clk 0:03:54]}  fxe6 {[%clk 0:06:40]} 20. Bh3 {[%clk 0:03:21]}  Nc5 {[%clk 0:06:39]} 21. Rab1 {[%clk 0:03:03]}  Nbd3 {[%clk 0:06:06]} 22. Bd4 {[%clk 0:02:57]}  Re8 {[%clk 0:05:17]} 23. Bf1 {[%clk 0:02:19]}  e5 {[%clk 0:05:16]} 24. Bxd3 {[%clk 0:02:14]}  Nxd3 {[%clk 0:05:05]} 25. Ba7 {[%clk 0:02:14]}  Rbd8 {[%clk 0:04:56]} 26. Rxb7 {[%clk 0:02:14]}  e4 {[%clk 0:04:53]} 27. Rxc7 {[%clk 0:02:12]}  Ne5 {[%clk 0:03:58]} 28. Bd4 {[%clk 0:01:42]}  Nf3+ {[%clk 0:03:58]} 29. Kg2 {[%clk 0:01:43]}  Rc8 {[%clk 0:03:45]} 30. Rxc8 {[%clk 0:01:39]}  Rxc8 {[%clk 0:03:47]} 31. Nd2 {[%clk 0:01:34]}  Nxd2 {[%clk 0:03:42]} 32. Rxd2 {[%clk 0:01:35]}  Bb4 {[%clk 0:03:38]} 33. Ra2 {[%clk 0:01:26]}  Rc1 {[%clk 0:03:26]} 34. Bb6 {[%clk 0:01:23]}  Kf7 {[%clk 0:03:15]} 35. g4 {[%clk 0:01:16]}  Ke6 {[%clk 0:03:12]} 36. h4 {[%clk 0:01:15]}  g6 {[%clk 0:03:09]} 37. Rb2 {[%clk 0:01:16]}  Rc4 {[%clk 0:03:09]} 38. Rb1 {[%clk 0:01:11]}  h5 {[%clk 0:03:08]} 39. Kh3 {[%clk 0:01:10]}  Be7 {[%clk 0:03:04]} 40. Rb2 {[%clk 0:01:07]}  Rc1 {[%clk 0:02:56]} 41. Bd4 {[%clk 0:01:05]}  Rh1+ {[%clk 0:02:50]} 42. Kg2 {[%clk 0:01:06]}  Rxh4 {[%clk 0:02:50]} 43. Rb6+ {[%clk 0:01:07]}  Kf7 {[%clk 0:02:35]} 44. gxh5 {[%clk 0:01:08]}  Rg4+ {[%clk 0:02:03]} 45. Kf1 {[%clk 0:01:08]}  gxh5 {[%clk 0:02:03]} 46. Rxa6 {[%clk 0:01:10]}  Rg5 {[%clk 0:02:00]} 47. Ra8 {[%clk 0:01:04]}  h4 {[%clk 0:01:45]} 48. a6 {[%clk 0:01:04]}  h3 {[%clk 0:01:47]} 49. Rh8 {[%clk 0:01:01]}  Rh5 {[%clk 0:01:48]} 50. Rxh5 {[%clk 0:01:01]} 1-0


[Site "Internet"]

[Event "Chessable Masters - Torneo preliminare"]
[White "Vokhidov, Shamsiddin"]
[Black "Makarian, Rudik"]
[WhiteFideId "14204223"]
[BlackFideId "44105681"]
[WhiteElo "2514"]
[BlackElo "2462"]
[Result "0-1"]
[Round "3"]
[TimeControl "600+2"]
[Date "2023.03.13"]
[WhiteClock "0:00:48"]
[BlackClock "0:00:10"]

1. e4 {[%clk 0:09:59]}  c5 {[%clk 0:10:00]} 2. Nf3 {[%clk 0:10:00]}  Nc6 {[%clk 0:09:59]} 3. Bb5 {[%clk 0:10:00]}  e6 {[%clk 0:10:00]} 4. Bxc6 {[%clk 0:10:01]}  bxc6 {[%clk 0:10:02]} 5. d3 {[%clk 0:10:02]}  Bd6 {[%clk 0:10:00]} 6. Be3 {[%clk 0:09:36]}  Ne7 {[%clk 0:09:39]} 7. e5 {[%clk 0:09:33]}  Bc7 {[%clk 0:09:40]} 8. Bxc5 {[%clk 0:09:33]}  O-O {[%clk 0:09:42]} 9. Nbd2 {[%clk 0:09:24]}  f6 {[%clk 0:09:19]} 10. d4 {[%clk 0:09:24]}  fxe5 {[%clk 0:09:15]} 11. dxe5 {[%clk 0:09:23]}  Rf5 {[%clk 0:08:49]} 12. Nc4 {[%clk 0:08:22]}  Ba6 {[%clk 0:07:08]} 13. Ne3 {[%clk 0:08:20]}  Rf4 {[%clk 0:06:30]} 14. Qd2 {[%clk 0:08:12]}  Re4 {[%clk 0:05:33]} 15. O-O-O {[%clk 0:06:52]}  Nd5 {[%clk 0:05:33]} 16. Nxd5 {[%clk 0:06:17]}  cxd5 {[%clk 0:05:32]} 17. Rhe1 {[%clk 0:06:18]}  Ba5 {[%clk 0:04:55]} 18. b4 {[%clk 0:06:16]}  Rc4 {[%clk 0:04:52]} 19. c3 {[%clk 0:05:45]}  Rc8 {[%clk 0:04:22]} 20. Re3 {[%clk 0:04:46]}  Bxb4 {[%clk 0:04:10]} 21. Bxb4 {[%clk 0:04:46]}  Rxb4 {[%clk 0:04:12]} 22. Qc2 {[%clk 0:04:48]}  Qa5 {[%clk 0:03:41]} 23. Rd2 {[%clk 0:04:18]}  Rb7 {[%clk 0:03:12]} 24. Ng5 {[%clk 0:04:05]}  g6 {[%clk 0:02:16]} 25. Nxh7 {[%clk 0:04:05]}  Kxh7 {[%clk 0:02:05]} 26. Rg3 {[%clk 0:04:07]}  Bd3 {[%clk 0:00:48]} 27. Qxd3 {[%clk 0:02:28]}  Rxc3+ {[%clk 0:00:47]} 28. Qxc3 {[%clk 0:02:30]}  Rc7 {[%clk 0:00:49]} 29. Rc2 {[%clk 0:02:00]}  Rxc3 {[%clk 0:00:50]} 30. Rgxc3 {[%clk 0:02:01]}  d4 {[%clk 0:00:42]} 31. Rh3+ {[%clk 0:01:46]}  Kg7 {[%clk 0:00:40]} 32. f4 {[%clk 0:01:48]}  Qe1+ {[%clk 0:00:25]} 33. Kb2 {[%clk 0:01:48]}  Qe4 {[%clk 0:00:21]} 34. Rf3 {[%clk 0:00:59]}  d3 {[%clk 0:00:21]} 35. Rc7 {[%clk 0:00:52]}  Qd4+ {[%clk 0:00:09]} 36. Kc1 {[%clk 0:00:48]}  Qg1+ {[%clk 0:00:10]} 0-1


[Site "Internet"]

[Event "Chessable Masters - Torneo preliminare"]
[White "Dreev, Aleksey"]
[Black "Flores, Diego"]
[WhiteFideId "4100107"]
[BlackFideId "108049"]
[WhiteElo "2557"]
[BlackElo "2598"]
[Result "1-0"]
[Round "3"]
[TimeControl "600+2"]
[Date "2023.03.13"]
[WhiteClock "0:02:00"]
[BlackClock "0:00:10"]

1. d4 {[%clk 0:09:48]}  Nf6 {[%clk 0:10:00]} 2. c4 {[%clk 0:09:48]}  c5 {[%clk 0:09:44]} 3. d5 {[%clk 0:09:48]}  e6 {[%clk 0:09:45]} 4. Nc3 {[%clk 0:09:49]}  exd5 {[%clk 0:09:46]} 5. cxd5 {[%clk 0:09:50]}  d6 {[%clk 0:09:48]} 6. Nf3 {[%clk 0:09:49]}  g6 {[%clk 0:09:48]} 7. e4 {[%clk 0:09:36]}  Bg7 {[%clk 0:09:47]} 8. Nd2 {[%clk 0:09:35]}  O-O {[%clk 0:09:46]} 9. Be2 {[%clk 0:09:36]}  Re8 {[%clk 0:09:45]} 10. O-O {[%clk 0:09:35]}  a6 {[%clk 0:09:46]} 11. a4 {[%clk 0:09:35]}  Nbd7 {[%clk 0:09:47]} 12. h3 {[%clk 0:09:18]}  Rb8 {[%clk 0:09:30]} 13. a5 {[%clk 0:08:53]}  c4 {[%clk 0:06:47]} 14. Nxc4 {[%clk 0:08:34]}  Nxe4 {[%clk 0:06:46]} 15. Nxe4 {[%clk 0:07:52]}  Rxe4 {[%clk 0:06:48]} 16. Nxd6 {[%clk 0:07:19]}  Rd4 {[%clk 0:06:46]} 17. Qb3 {[%clk 0:06:53]}  Nc5 {[%clk 0:04:55]} 18. Qg3 {[%clk 0:06:50]}  Qc7 {[%clk 0:03:12]} 19. Rd1 {[%clk 0:04:29]}  Rxd1+ {[%clk 0:01:38]} 20. Bxd1 {[%clk 0:04:29]}  Bf8 {[%clk 0:01:34]} 21. Bf4 {[%clk 0:03:52]}  Nd3 {[%clk 0:01:34]} 22. Qxd3 {[%clk 0:03:25]}  Bxd6 {[%clk 0:01:34]} 23. Rc1 {[%clk 0:03:25]}  Qd8 {[%clk 0:01:30]} 24. Bxd6 {[%clk 0:03:23]}  Qxd6 {[%clk 0:01:32]} 25. Qd4 {[%clk 0:03:08]}  Be6 {[%clk 0:00:50]} 26. Bf3 {[%clk 0:03:06]}  Rd8 {[%clk 0:00:50]} 27. Qc5 {[%clk 0:02:56]}  Qxc5 {[%clk 0:00:36]} 28. Rxc5 {[%clk 0:02:55]}  Bc8 {[%clk 0:00:37]} 29. Rc7 {[%clk 0:02:33]}  Kg7 {[%clk 0:00:28]} 30. d6 {[%clk 0:02:10]}  Be6 {[%clk 0:00:22]} 31. Rxb7 {[%clk 0:02:08]}  Rxd6 {[%clk 0:00:23]} 32. Rb6 {[%clk 0:02:10]}  Rd2 {[%clk 0:00:22]} 33. Bb7 {[%clk 0:02:01]}  Bc4 {[%clk 0:00:20]} 34. b3 {[%clk 0:02:01]}  Bb5 {[%clk 0:00:17]} 35. Bxa6 {[%clk 0:02:00]}  Bxa6 {[%clk 0:00:10]} 36. Rxa6 {[%clk 0:02:00]} 1-0


[Site "Internet"]

[Event "Chessable Masters - Torneo preliminare"]
[White "Bluebaum, Matthias"]
[Black "Fier, Alexandr"]
[WhiteFideId "24651516"]
[BlackFideId "2107139"]
[WhiteElo "2601"]
[BlackElo "2504"]
[Result "1-0"]
[Round "3"]
[TimeControl "600+2"]
[Date "2023.03.13"]
[WhiteClock "0:03:32"]
[BlackClock "0:04:11"]

1. d4 {[%clk 0:10:01]}  d5 {[%clk 0:10:00]} 2. c4 {[%clk 0:10:02]}  e6 {[%clk 0:10:01]} 3. Nc3 {[%clk 0:10:04]}  c6 {[%clk 0:10:03]} 4. Nf3 {[%clk 0:10:04]}  dxc4 {[%clk 0:10:03]} 5. e4 {[%clk 0:10:05]}  b5 {[%clk 0:10:03]} 6. Qc2 {[%clk 0:10:07]}  Nf6 {[%clk 0:09:59]} 7. Be2 {[%clk 0:10:08]}  a5 {[%clk 0:09:57]} 8. O-O {[%clk 0:09:33]}  a4 {[%clk 0:09:56]} 9. Rd1 {[%clk 0:08:59]}  Be7 {[%clk 0:09:43]} 10. Bg5 {[%clk 0:08:53]}  Bb7 {[%clk 0:09:28]} 11. e5 {[%clk 0:07:30]}  Nd5 {[%clk 0:09:27]} 12. Ne4 {[%clk 0:07:31]}  Ra7 {[%clk 0:08:37]} 13. Nd6+ {[%clk 0:07:13]}  Kf8 {[%clk 0:08:38]} 14. Bxe7+ {[%clk 0:07:12]}  Qxe7 {[%clk 0:08:39]} 15. b3 {[%clk 0:06:50]}  c3 {[%clk 0:07:16]} 16. b4 {[%clk 0:06:19]}  Na6 {[%clk 0:06:59]} 17. a3 {[%clk 0:06:19]}  Nac7 {[%clk 0:06:58]} 18. Ne1 {[%clk 0:06:02]}  f5 {[%clk 0:06:20]} 19. Nd3 {[%clk 0:05:48]}  Ne8 {[%clk 0:05:46]} 20. Nxe8 {[%clk 0:05:47]}  Kxe8 {[%clk 0:05:46]} 21. Bf3 {[%clk 0:05:48]}  c5 {[%clk 0:05:27]} 22. bxc5 {[%clk 0:05:14]}  Qg5 {[%clk 0:05:26]} 23. Qc1 {[%clk 0:05:03]}  Qh4 {[%clk 0:05:21]} 24. Bxd5 {[%clk 0:04:26]}  Bxd5 {[%clk 0:05:19]} 25. Nb4 {[%clk 0:04:28]}  Bb3 {[%clk 0:05:14]} 26. Rd3 {[%clk 0:04:23]}  Bc4 {[%clk 0:05:01]} 27. Qxc3 {[%clk 0:03:39]}  Bxd3 {[%clk 0:05:00]} 28. Qxd3 {[%clk 0:03:41]}  Kf7 {[%clk 0:04:59]} 29. d5 {[%clk 0:03:36]}  Rc8 {[%clk 0:04:35]} 30. c6 {[%clk 0:03:32]}  exd5 {[%clk 0:04:11]} 31. Qxf5+ {[%clk 0:03:32]} 1-0


[Site "Internet"]

[Event "Chessable Masters - Torneo preliminare"]
[White "Nguyen, Ngoc Truong Son"]
[Black "Cardoso Cardoso, Jose Gabriel"]
[WhiteFideId "12401110"]
[BlackFideId "4430492"]
[WhiteElo "2585"]
[BlackElo "2425"]
[Result "1/2-1/2"]
[Round "3"]
[TimeControl "600+2"]
[Date "2023.03.13"]
[WhiteClock "0:02:49"]
[BlackClock "0:02:37"]

1. d4 {[%clk 0:10:00]}  Nf6 {[%clk 0:09:51]} 2. c4 {[%clk 0:09:59]}  e6 {[%clk 0:09:51]} 3. Nc3 {[%clk 0:09:59]}  Bb4 {[%clk 0:09:52]} 4. e3 {[%clk 0:10:00]}  O-O {[%clk 0:09:52]} 5. Bd2 {[%clk 0:09:59]}  d5 {[%clk 0:09:50]} 6. a3 {[%clk 0:09:59]}  Be7 {[%clk 0:09:06]} 7. Nf3 {[%clk 0:09:58]}  b6 {[%clk 0:08:37]} 8. Rc1 {[%clk 0:09:56]}  c5 {[%clk 0:08:33]} 9. Bd3 {[%clk 0:09:23]}  Ba6 {[%clk 0:07:33]} 10. Qe2 {[%clk 0:09:18]}  cxd4 {[%clk 0:07:33]} 11. exd4 {[%clk 0:09:14]}  dxc4 {[%clk 0:07:23]} 12. Bxc4 {[%clk 0:09:06]}  Bxc4 {[%clk 0:07:22]} 13. Qxc4 {[%clk 0:09:08]}  Nbd7 {[%clk 0:07:05]} 14. O-O {[%clk 0:09:07]}  Qb8 {[%clk 0:06:42]} 15. d5 {[%clk 0:08:52]}  exd5 {[%clk 0:06:27]} 16. Nxd5 {[%clk 0:08:51]}  Nxd5 {[%clk 0:06:25]} 17. Qxd5 {[%clk 0:08:52]}  Nf6 {[%clk 0:06:26]} 18. Qf5 {[%clk 0:08:47]}  Qb7 {[%clk 0:06:16]} 19. Rfe1 {[%clk 0:08:40]}  Rfe8 {[%clk 0:06:05]} 20. Bc3 {[%clk 0:08:31]}  h6 {[%clk 0:05:13]} 21. Rcd1 {[%clk 0:07:28]}  Rad8 {[%clk 0:05:07]} 22. h3 {[%clk 0:06:02]}  Qc8 {[%clk 0:04:34]} 23. Qxc8 {[%clk 0:04:44]}  Rxc8 {[%clk 0:04:36]} 24. Rd3 {[%clk 0:04:43]}  Red8 {[%clk 0:03:47]} 25. Rde3 {[%clk 0:04:24]}  Bc5 {[%clk 0:03:32]} 26. Bxf6 {[%clk 0:04:23]}  gxf6 {[%clk 0:03:33]} 27. Rc3 {[%clk 0:04:12]}  Bd6 {[%clk 0:03:09]} 28. Rxc8 {[%clk 0:03:23]}  Rxc8 {[%clk 0:03:11]} 29. Kf1 {[%clk 0:03:24]}  Rc2 {[%clk 0:02:33]} 30. Re2 {[%clk 0:03:02]}  Rc1+ {[%clk 0:02:34]} 31. Re1 {[%clk 0:03:02]}  Rc2 {[%clk 0:02:35]} 32. Re2 {[%clk 0:02:47]}  Rc1+ {[%clk 0:02:36]} 33. Re1 {[%clk 0:02:49]}  Rc2 {[%clk 0:02:37]} 1/2-1/2


[Site "Internet"]

[Event "Chessable Masters - Torneo preliminare"]
[White "Mareco, Sandro"]
[Black "Darini, Pouria"]
[WhiteFideId "112275"]
[BlackFideId "12502200"]
[WhiteElo "2541"]
[BlackElo "2573"]
[Result "1-0"]
[Round "3"]
[TimeControl "600+2"]
[Date "2023.03.13"]
[WhiteClock "0:04:34"]
[BlackClock "0:00:07"]

1. d4 {[%clk 0:10:01]}  Nf6 {[%clk 0:10:00]} 2. c4 {[%clk 0:10:02]}  e6 {[%clk 0:09:57]} 3. Nf3 {[%clk 0:10:03]}  d5 {[%clk 0:09:57]} 4. g3 {[%clk 0:10:04]}  Bb4+ {[%clk 0:09:55]} 5. Bd2 {[%clk 0:10:04]}  a5 {[%clk 0:09:56]} 6. Bg2 {[%clk 0:10:03]}  O-O {[%clk 0:09:56]} 7. Qc2 {[%clk 0:10:03]}  c5 {[%clk 0:09:57]} 8. cxd5 {[%clk 0:09:40]}  cxd4 {[%clk 0:09:57]} 9. Nxd4 {[%clk 0:09:35]}  Qb6 {[%clk 0:09:58]} 10. e3 {[%clk 0:09:09]}  exd5 {[%clk 0:09:54]} 11. a3 {[%clk 0:09:10]}  Bc5 {[%clk 0:08:36]} 12. Bc3 {[%clk 0:08:54]}  Ne4 {[%clk 0:07:52]} 13. O-O {[%clk 0:08:53]}  Nc6 {[%clk 0:06:55]} 14. Nd2 {[%clk 0:08:30]}  Nxd4 {[%clk 0:06:05]} 15. exd4 {[%clk 0:08:30]}  Bxd4 {[%clk 0:06:06]} 16. Nxe4 {[%clk 0:08:31]}  dxe4 {[%clk 0:06:05]} 17. Bxe4 {[%clk 0:08:31]}  Bxc3 {[%clk 0:05:57]} 18. bxc3 {[%clk 0:08:32]}  g6 {[%clk 0:05:37]} 19. Rfb1 {[%clk 0:08:31]}  Qc5 {[%clk 0:05:26]} 20. a4 {[%clk 0:08:30]}  Ra6 {[%clk 0:02:56]} 21. Bxb7 {[%clk 0:07:57]}  Bxb7 {[%clk 0:01:28]} 22. Rxb7 {[%clk 0:07:55]}  Rc8 {[%clk 0:01:28]} 23. Rb3 {[%clk 0:07:51]}  Rac6 {[%clk 0:01:22]} 24. h4 {[%clk 0:07:45]}  h5 {[%clk 0:01:19]} 25. Re1 {[%clk 0:06:59]}  Qc4 {[%clk 0:01:03]} 26. Rb7 {[%clk 0:06:52]}  R6c7 {[%clk 0:00:49]} 27. Rxc7 {[%clk 0:06:50]}  Rxc7 {[%clk 0:00:50]} 28. Re3 {[%clk 0:06:51]}  Rb7 {[%clk 0:00:37]} 29. Kg2 {[%clk 0:06:28]}  Qc6+ {[%clk 0:00:27]} 30. Qe4 {[%clk 0:06:28]}  Rc7 {[%clk 0:00:22]} 31. Qxc6 {[%clk 0:06:15]}  Rxc6 {[%clk 0:00:23]} 32. Re5 {[%clk 0:06:16]}  Rxc3 {[%clk 0:00:24]} 33. Rxa5 {[%clk 0:06:16]}  Ra3 {[%clk 0:00:25]} 34. Ra8+ {[%clk 0:06:05]}  Kg7 {[%clk 0:00:26]} 35. a5 {[%clk 0:06:06]}  f6 {[%clk 0:00:20]} 36. Ra7+ {[%clk 0:06:06]}  Kh6 {[%clk 0:00:20]} 37. a6 {[%clk 0:06:03]}  g5 {[%clk 0:00:20]} 38. hxg5+ {[%clk 0:05:59]}  fxg5 {[%clk 0:00:21]} 39. Ra8 {[%clk 0:05:54]}  Kg7 {[%clk 0:00:17]} 40. f4 {[%clk 0:05:14]}  h4 {[%clk 0:00:10]} 41. f5 {[%clk 0:04:39]}  Rxg3+ {[%clk 0:00:11]} 42. Kh2 {[%clk 0:04:40]}  g4 {[%clk 0:00:03]} 43. a7 {[%clk 0:04:41]}  Rh3+ {[%clk 0:00:04]} 44. Kg2 {[%clk 0:04:41]}  Rg3+ {[%clk 0:00:06]} 45. Kf2 {[%clk 0:04:37]}  Rf3+ {[%clk 0:00:07]} 46. Ke2 {[%clk 0:04:38]}  Ra3 {[%clk 0:00:07]} 47. f6+ {[%clk 0:04:36]}  Kxf6 {[%clk 0:00:05]} 48. Rf8+ {[%clk 0:04:36]}  Kg5 {[%clk 0:00:07]} 49. a8=Q {[%clk 0:04:37]}  Rxa8 {[%clk 0:00:08]} 50. Rxa8 {[%clk 0:04:37]}  Kf4 {[%clk 0:00:07]} 51. Kf2 {[%clk 0:04:34]} 1-0


[Site "Internet"]

[Event "Chessable Masters - Torneo preliminare"]
[White "Petrov, Nikita"]
[Black "Pap, Gyula"]
[WhiteFideId "4101286"]
[BlackFideId "725323"]
[WhiteElo "2514"]
[BlackElo "2563"]
[Result "0-1"]
[Round "3"]
[TimeControl "600+2"]
[Date "2023.03.13"]
[WhiteClock "0:00:02"]
[BlackClock "0:00:06"]

1. d4 {[%clk 0:10:01]}  d5 {[%clk 0:09:58]} 2. Nf3 {[%clk 0:09:59]}  Nf6 {[%clk 0:09:58]} 3. Bf4 {[%clk 0:10:00]}  c5 {[%clk 0:09:57]} 4. e3 {[%clk 0:10:01]}  Nc6 {[%clk 0:09:54]} 5. Nbd2 {[%clk 0:10:01]}  Nh5 {[%clk 0:09:44]} 6. dxc5 {[%clk 0:09:44]}  Nxf4 {[%clk 0:09:44]} 7. exf4 {[%clk 0:09:46]}  g6 {[%clk 0:09:46]} 8. c3 {[%clk 0:09:44]}  Bg7 {[%clk 0:09:44]} 9. Nb3 {[%clk 0:09:30]}  O-O {[%clk 0:09:23]} 10. Be2 {[%clk 0:09:29]}  Qc7 {[%clk 0:07:36]} 11. g3 {[%clk 0:08:49]}  Rd8 {[%clk 0:07:24]} 12. O-O {[%clk 0:08:47]}  f6 {[%clk 0:05:21]} 13. Nfd4 {[%clk 0:06:21]}  e5 {[%clk 0:04:21]} 14. fxe5 {[%clk 0:06:21]}  fxe5 {[%clk 0:04:23]} 15. Nb5 {[%clk 0:06:22]}  Qe7 {[%clk 0:04:19]} 16. Bg4 {[%clk 0:06:16]}  Bxg4 {[%clk 0:03:38]} 17. Qxg4 {[%clk 0:06:18]}  e4 {[%clk 0:03:39]} 18. N5d4 {[%clk 0:05:32]}  Re8 {[%clk 0:03:23]} 19. Rad1 {[%clk 0:04:39]}  Ne5 {[%clk 0:02:30]} 20. Qe2 {[%clk 0:04:38]}  Nd3 {[%clk 0:02:26]} 21. c6 {[%clk 0:04:13]}  bxc6 {[%clk 0:02:25]} 22. Nxc6 {[%clk 0:04:15]}  Qb7 {[%clk 0:02:06]} 23. Nb4 {[%clk 0:03:26]}  Nxb4 {[%clk 0:01:42]} 24. cxb4 {[%clk 0:03:28]}  Rad8 {[%clk 0:01:44]} 25. Nd4 {[%clk 0:03:23]}  Qb6 {[%clk 0:01:19]} 26. Qd2 {[%clk 0:03:23]}  Rc8 {[%clk 0:01:00]} 27. a3 {[%clk 0:02:40]}  Rc4 {[%clk 0:00:53]} 28. Nb3 {[%clk 0:02:41]}  d4 {[%clk 0:00:45]} 29. Nc5 {[%clk 0:02:42]}  d3 {[%clk 0:00:34]} 30. Rc1 {[%clk 0:02:11]}  Rxc1 {[%clk 0:00:35]} 31. Rxc1 {[%clk 0:02:11]}  Bd4 {[%clk 0:00:35]} 32. Kg2 {[%clk 0:00:33]}  Qc6 {[%clk 0:00:36]} 33. Nb3 {[%clk 0:00:13]}  e3+ {[%clk 0:00:12]} 34. Rxc6 {[%clk 0:00:13]}  exd2 {[%clk 0:00:14]} 35. Nxd2 {[%clk 0:00:14]}  Re2 {[%clk 0:00:15]} 36. Rd6 {[%clk 0:00:05]}  Bxf2 {[%clk 0:00:07]} 37. Nc4 {[%clk 0:00:02]}  Bc5+ {[%clk 0:00:06]} 0-1


[Site "Internet"]